01684nam a22002297a 4500020001800000041000800018082001600026245010600042260008200148300001800230520090200248546001301150650003301163650002501196650003501221650003701256650003201293650003501325650002901360650003101389700003401420 a9788185835942 aeng a303.6bTOW- aTowards peace, harmony and happiness :btransition to transformation /cedited by Ranjit Singh Ghuman aChandigarh :bCentre for Research in Rural and Industrial Development,c2021. alxxxix, 342p. aThis edited volume is the outcome of a series of peace conferences jointly organised by the Pranab Mukherjee Foundation and the Centre for Research in Rural and Industrial Development during the last about two years in six prominent academic institutions of India. The idea behind the conferences was to address the fundamental question: 'how to have violence-free transition to transformation so that the society remains peaceful, harmonious and happy'. The views of Shri Pranab Mukherjee, Shri Hamid Ansari, Dr. Manmohan Singh and Professor Murli Manohar Joshi and 16 other renowned scholars from diverse fields, contained in this book, have tried to address this greatest challenge to the contemporary society, economy and polity. In view of the exclusionary socio-cultural and politico-economic system, this book is an attempt to understand and debate the complexities of the above challenge.  aEnglish. aPeacexSocial aspectszIndia aSocial changezIndia aHarmonyxSocial aspectszIndia aHappinessxSocial aspectszIndia aViolencexPreventionzIndia aIndiaxPolitics and government aIndiaxSocial conditions aIndiaxEconomic conditions aGhuman, Ranjit Singheeditor.